000 00584nam a2200229Ia 4500
003 OSt
005 20220924143612.0
006 a|||||r|||| 00| 0
007 ta
008 220923b |||||||| |||| 00| 0 urd d
024 _a309183
037 _cTextual
040 _aARTS
_cARTS
_burd
041 _2urd
_aurd
082 _aO153,1MMUx, 168L7
100 _aSyed Zamir Jafri
_9216442
245 0 _aMan ke taar
260 _c1977
650 _aPUNJABI LITERATURE
942 _hO153,1MMUx, 168L7
_cTEXL
_2CC
999 _c455170
_d455170